| 000 -LEADER |
| fixed length control field |
02094cam a2200421 i 4500 |
| 001 - CONTROL NUMBER |
| control field |
18727681 |
| 003 - CONTROL NUMBER IDENTIFIER |
| control field |
NUST |
| 005 - DATE AND TIME OF LATEST TRANSACTION |
| control field |
20221220182304.0 |
| 008 - FIXED-LENGTH DATA ELEMENTS--GENERAL INFORMATION |
| fixed length control field |
150803s2016 nyu 001 0aeng |
| 010 ## - LIBRARY OF CONGRESS CONTROL NUMBER |
| LC control number |
2015010209 |
| 020 ## - INTERNATIONAL STANDARD BOOK NUMBER |
| International Standard Book Number |
9780307959492 (hardcover) |
| 020 ## - INTERNATIONAL STANDARD BOOK NUMBER |
| Canceled/invalid ISBN |
9780307959508 (ebook) |
| 040 ## - CATALOGING SOURCE |
| Original cataloging agency |
DLC |
| Language of cataloging |
eng |
| Transcribing agency |
DLC |
| Description conventions |
rda |
| Modifying agency |
DLC |
| 042 ## - AUTHENTICATION CODE |
| Authentication code |
pcc |
| 043 ## - GEOGRAPHIC AREA CODE |
| Geographic area code |
n-us--- |
| 050 00 - LIBRARY OF CONGRESS CALL NUMBER |
| Classification number |
E897.4.G37 |
| Item number |
A3 2016 |
| 082 00 - DEWEY DECIMAL CLASSIFICATION NUMBER |
| Classification number |
352.293092,GAT |
| -- |
B |
| Edition number |
23 |
| 100 1# - MAIN ENTRY--PERSONAL NAME |
| Personal name |
Gates, Robert Michael, |
| Dates associated with a name |
1943- |
| Relator term |
author. |
| 9 (RLIN) |
105410 |
| 245 12 - TITLE STATEMENT |
| Title |
A passion for leadership : |
| Remainder of title |
lessons on change and reform from fifty years of public service / |
| Statement of responsibility, etc. |
Robert M. Gates. |
| 250 ## - EDITION STATEMENT |
| Edition statement |
First edition. |
| 264 #1 - PRODUCTION, PUBLICATION, DISTRIBUTION, MANUFACTURE, AND COPYRIGHT NOTICE |
| Place of production, publication, distribution, manufacture |
New York : |
| Name of producer, publisher, distributor, manufacturer |
Alfred A. Knopf, |
| Date of production, publication, distribution, manufacture, or copyright notice |
2016. |
| 300 ## - PHYSICAL DESCRIPTION |
| Extent |
239 pages ; |
| Dimensions |
25 cm |
| 336 ## - CONTENT TYPE |
| Content type term |
text |
| Content type code |
txt |
| Source |
rdacontent |
| 337 ## - MEDIA TYPE |
| Media type term |
unmediated |
| Media type code |
n |
| Source |
rdamedia |
| 338 ## - CARRIER TYPE |
| Carrier type term |
volume |
| Carrier type code |
nc |
| Source |
rdacarrier |
| 505 0# - FORMATTED CONTENTS NOTE |
| Formatted contents note |
Why bureaucracies so often fail us (Page-3),Where you want to go: "the vision thing" (Page-23), Formulating a strategy (Page-39), Techniques for implementing change (Page-63), It's always about people (Page-98), Stakeholders: friends and foes (Page-131), The agent of change: "mirror, mirror on the wall" (Page-157), Money, money, money: reforming in scarce times (Page-186), Reform: the never-ending story (Page-203), A flaming heart (Page-219). |
| 600 10 - SUBJECT ADDED ENTRY--PERSONAL NAME |
| Personal name |
Gates, Robert Michael, |
| Dates associated with a name |
1943- |
| 9 (RLIN) |
105410 |
| 610 10 - SUBJECT ADDED ENTRY--CORPORATE NAME |
| Corporate name or jurisdiction name as entry element |
United States. |
| Subordinate unit |
Department of Defense |
| General subdivision |
Officials and employees |
| Form subdivision |
Biography. |
| 9 (RLIN) |
105411 |
| 610 10 - SUBJECT ADDED ENTRY--CORPORATE NAME |
| Corporate name or jurisdiction name as entry element |
United States. |
| Subordinate unit |
Central Intelligence Agency |
| General subdivision |
Officials and employees |
| Form subdivision |
Biography. |
| 9 (RLIN) |
105412 |
| 610 20 - SUBJECT ADDED ENTRY--CORPORATE NAME |
| Corporate name or jurisdiction name as entry element |
Texas A & M University System |
| Form subdivision |
Biography. |
| 9 (RLIN) |
105413 |
| 650 #0 - SUBJECT ADDED ENTRY--TOPICAL TERM |
| Topical term or geographic name entry element |
Cabinet officers |
| Geographic subdivision |
United States |
| Form subdivision |
Biography. |
| 9 (RLIN) |
105414 |
| 650 #0 - SUBJECT ADDED ENTRY--TOPICAL TERM |
| Topical term or geographic name entry element |
Organizational change |
| Geographic subdivision |
United States. |
| 9 (RLIN) |
105415 |
| 650 #0 - SUBJECT ADDED ENTRY--TOPICAL TERM |
| Topical term or geographic name entry element |
Leadership |
| Geographic subdivision |
United States. |
| 9 (RLIN) |
105416 |
| 650 #0 - SUBJECT ADDED ENTRY--TOPICAL TERM |
| Topical term or geographic name entry element |
Public administration |
| Geographic subdivision |
United States |
| Form subdivision |
Anecdotes. |
| 9 (RLIN) |
105417 |
| 650 #0 - SUBJECT ADDED ENTRY--TOPICAL TERM |
| Topical term or geographic name entry element |
Administrative agencies |
| Geographic subdivision |
United States |
| General subdivision |
Reorganization. |
| 9 (RLIN) |
105418 |
| 651 #0 - SUBJECT ADDED ENTRY--GEOGRAPHIC NAME |
| Geographic name |
United States |
| General subdivision |
Politics and government. |
| 9 (RLIN) |
8166 |
| 942 ## - ADDED ENTRY ELEMENTS (KOHA) |
| Source of classification or shelving scheme |
|
| Koha item type |
Book |
| Call number prefix |
352.293092,GAT |